000 00450ntaaa2200193 4500
003 01
005 20251027201931.0
008 0714s1973 ag 01
040 _aAR-BaBN
_bspa
_cAR-BaBN
_eaacr
_dRIC
082 _a244.5000 K63
100 _aKirn, John
_917910
245 _aThe cell
250 _a1 ed.
260 _aNashville :
_bBroadman Press,
_cc1960
300 _a37 p.
500 _adrama cristiana
650 _aDramatización
942 _cBK
999 _c14058
_d14058